000 00488nam a22001697a 4500
003 NUST - PNEC
005 20170116181134.0
008 151007b xxu||||| |||| 00| 0 eng d
020 _a9694250080
040 _cLIBRARY
082 _a954.91036 ALI
100 _914159
_aAli, Chaudhry Muhammad
245 _aThe emergence of Pakistan
_cChaudhry Muhammad Ali
260 _aLahore:
_bResearch society of Pakistan,
_c2003
650 _914161
_aPakistan, History
_xGeneral
942 _2ddc
_cBK
999 _c70137
_d70137